| 000 | 00556nam a2200181Ia 4500 | ||
|---|---|---|---|
| 008 | 190509s9999 xx 000 0 und d | ||
| 100 | _aWillis, Jonathan Robert | ||
| 245 | 4 | _aThe tough-to-treat kid/ | |
| 245 | _cJonathan Robert Willis | ||
| 260 | _bSussex Publisher | ||
| 260 | _c2018 | ||
| 300 | _aPages 70-79, September/October 2018 | ||
| 440 |
_aPsychology Today: Core Values _v1/2/1900 3:05:00 AM |
||
| 650 | _aAttention Deficit Hyperactivity Disorder | ||
| 650 | _abehavior | ||
| 650 | _aOppositional Defiant Disorder | ||
| 650 | _atreatment | ||
| 999 |
_c361812 _d361812 |
||